| 000 | 01026cab a2200277 4500 | ||
|---|---|---|---|
| 001 | WB3233-23 | ||
| 008 | 090401t1996 xxu||||| |||| 00| 0 eng d | ||
| 035 | _a(Sirsi) u5655 | ||
| 041 | _aeng | ||
| 245 | _aEnvironmental policy | ||
| 260 | _c1996 | ||
| 350 | _a0 | ||
| 490 |
_aRICS Press Release _v(PR77) 16 August 1996, (3) |
||
| 520 | _aA report commissioned by the RICS identifies key shifts in European Union agricultural and environmental policy including specifications for good agricultural practice (GAP) and reform of CAP provisions. "EU environmental policy and UK agriculture: what next?" available from Robert Gooch of Eunico on 01728 689027. | ||
| 650 | _aCOMMON AGRICULTURAL POLICY | ||
| 650 | _aEUROPE | ||
| 650 | _aFERTILISERS | ||
| 650 | _aGOOD AGRICULTURAL PRACTICE | ||
| 650 | _aMULTILATERAL ENVIRONMENTAL AGREEMENTS | ||
| 650 | _aPESTICIDES | ||
| 650 | _aWATER POLLUTION | ||
| 690 | _aENVIRONMENTAL AND LAND CONSULTANCY | ||
| 690 | _aRURAL PRACTICE | ||
| 942 | _n0 | ||
| 948 | _c04/03/1997 | ||
| 999 |
_c3374 _d3374 |
||